Estadísticas para Rompecabeza de Nombres de Países Divididos

Haz click aquí para tomar la prueba!

Estadísticas generales

  • Esta prueba ha sido tomada 3,743 veces
  • La puntuación promedio es 13 de 20

Estadísticas de respuestas

Nombre del País % Correcto
AFGANISTANAfganistán
97%
PARAGUAYParaguay
95%
VENEZUELAVenezuela
94%
NUEVAZELANDANueva Zelanda
81%
AZERBAIYANAzerbaiyán
81%
DINAMARCADinamarca
79%
CROACIACroacia
78%
NICARAGUANicaragua
72%
TAILANDIATailandia
69%
BARBADOSBarbados
69%
BELGICABélgica
66%
TANZANIATanzania
65%
UGANDAUganda
65%
SRILANKASri Lanka
55%
MONTENEGROMontenegro
55%
MACEDONIAMacedonia
54%
YIBUTIYibuti
54%
RUMANIARumania
51%
CAMBOYACamboya
37%
LESOTOLesoto
28%

Distribución de puntuación

Porcentaje por número respondido

Porcentaje de gente con cada puntuación

Historial de tus puntuaciones

No has tomado esta prueba